000 01294nam a2200265Ia 4500
003 OSt
005 20210528111302.0
008 210310s1996 en gr 000 0 spa d
020 _a9223103533
022 _210149570
040 _aCO-JMCR
_cCO-JMCR
041 0 _aspa
082 0 4 _a331.118 /
_bO231e
_223
110 2 _aOficina Internacional del Trabjao
_938005
245 1 0 _aEstrategias de competitividad, productividad, recursos humanos, y empleo en los 90 /
_cOficina Internacional del Trabajo ; Lía Guterman
260 _aLima :
_bOficina Internacional del Trabajo,
_c1996
300 _a95 páginas :
_bilustraciones y gráficas en blanco y negro ;
_c28 cm.
490 0 _aProyecto regional "Cambio tecnológico y mercado de trabajo" ;
_v44.
504 _aBibliografía : páginas [97].
505 0 _aVisión general de la economía colombiana. -- Características principales del sector industrial: 1975-1990. -- El sector de alimentos. -- La industria metalúrgica y metalmecánica. -- Resultados del cuestionario en la industria de alimentos y bebidas. -- Resultados del cuestionario de metalmecánico.
650 1 4 _aRecurso humanos
_xEmpleo
_938006
650 2 4 _aProducción industrial
_xEconomía
_938007
700 1 _aGuterman, Lía,
_ecoautora
_938008
942 _2ddc
_cBK
999 _c11799
_d11799